Loading...

J.J., some jottings /

Bibliografiske detaljer
Hovedforfatter: Cuntara Rāmacāmi
Institution som forfatter: Kathā (Society)
Andre forfattere: Vēṅkaṭācalapati, Ā. Irā
Format: Printed Book
Sprog:English
Udgivet: New Delhi : Katha, 2003.
LEADER 01070cam a2200301 a 4500
008 040504s2003 ii 000 1 eng
010 |a  2004326670 
020 |a 8187649267(pbk.) 
020 |a 8187649984 
025 |a I-E-2004-326670; 68-91 
035 |a (DLC) 2004326670 
042 |a lcode 
082 |a 894.811 SUR/J 
100 0 |a Cuntara Rāmacāmi, 
240 1 0 |a Jē. Jē., cila kur̲ippukaḷ.  |l English 
245 1 0 |a J.J., some jottings /  |c Suraa ; translated by A.R. Venkatachalapathy. 
260 |a New Delhi :  |b Katha,  |c 2003. 
300 |a 187 p. ;  |c 21 cm. 
500 |a "Winner of the Katha chudamani."--Jkt. 
500 |a Novel. 
500 |a Series statement from jacket. 
700 1 |a Vēṅkaṭācalapati, Ā. Irā., 
710 2 |a Kathā (Society) 
906 |a 7  |b cbc  |c origode  |d 2  |e ncip  |f 20  |g y-gencatlg 
942 |2 ddc  |c BK 
955 |a wd24 05/11/2004 to RCCD 
999 |c 191264  |d 191264 
952 |0 0  |1 0  |4 0  |6 894_811000000000000_SUR_J  |7 0  |9 210972  |a ENG  |b ENG  |c ST1  |d 2015-09-16  |i 16327  |l 1  |o 894.811 SUR/J  |p ENG16327  |r 2018-07-16  |s 2018-07-13  |w 2015-09-16  |y BK